|
|
|
|
| LEADER |
01132nam a22002417a 4500 |
| 001 |
40238 |
| 003 |
BD-DhAAL |
| 008 |
221214r19971993ii ||||| |||| 00| 0 ben d |
| 999 |
|
|
|c 45179
|d 45179
|
| 020 |
|
|
|a 81729331301
|
| 040 |
|
|
|a BD-DhAAL
|c BD-DhAAL
|
| 041 |
|
|
|a ben
|
| 082 |
|
|
|a 954
|2 23
|
| 100 |
|
|
|a চট্টোপাধ্যায়, সুনীতিকুমার
|9 52876
|
| 245 |
|
|
|a ভারত-সংস্কৃতি /
|c সুনীতিকুমার চট্টোপাধ্যায়
|
| 246 |
|
|
|a Bharat sanskriti
|
| 260 |
|
|
|a কলকাতা :
|b মিত্র ও ঘোষ পাবলিশার্স,
|c ১৯৯৩ [চতুর্থ মুদ্রণ ১৯৯৭].
|
| 300 |
|
|
|a ১৫০ পৃষ্ঠা ;
|c ২২ সে.মি.
|
| 541 |
|
|
|a Donated By Akbar Ali Khan
|e 40238
|
| 651 |
|
|
|a India
|x Civilization.
|9 52877
|
| 852 |
|
|
|a Ayesha Abed Library
|c Akbar Ali Khan Collection
|
| 942 |
|
|
|2 ddc
|c BK
|
| 952 |
|
|
|0 0
|1 0
|2 ddc
|4 0
|6 954_000000000000000_CHA
|7 1
|9 72490
|a BRACUL
|b BRACUL
|c AAKC
|d 2022-12-14
|e Donated by Akbar Ali Khan
|g 62.25
|l 0
|o 954 CHA
|p 3010040238
|r 2022-12-14
|t 1
|w 2022-12-14
|y BK
|x Rs. 50.00
|